Normal view
MARC view
- ANJITHA, B. S
Entry Personal Name
001 - CONTROL NUMBER
- control field: 5343
003 - CONTROL NUMBER IDENTIFIER
- control field: OSt
005 - DATE AND TIME OF LATEST TRANSACTION
- control field: 20221202113127.0
008 - FIXED-LENGTH DATA ELEMENTS
- fixed length control field: 221202|| aca||aabn | a|a d
040 ## - CATALOGING SOURCE
- Original cataloging agency: OSt
- Transcribing agency: OSt
100 ## - HEADING--PERSONAL NAME
- Personal name: ANJITHA, B. S
- Personal name: APARNA, V. M
- Personal name: KAVYA, M
- Personal name: NAMITHA, ASHOKAN
- Personal name: SREEDEV, V. S
670 ## - SOURCE DATA FOUND
- Source citation: Work cat.: (OSt)17601: ANJITHA, B. S APARNA, V. M KAVYA, M NAMITHA, ASHOKAN SREEDEV, V. S, PRODUCTION AND QUALITY EVALUATION OF COCOA WINE, 2022
